000
00325nam a2200133Ia 4500
008
150201s2010 xx 000 0 und d
082
_a
301
_b
S10N
100
_a
NEERJA, K.P.
245
_a
TB. OF SOCIOLOGY FOR NURSING STUDENTS
260
_b
JAYPEE
_a
DELHI
_c
2010
300
_a
607
650
_a
SOCIOLOGY
942
_2
ddc
_c
BK
_0
41
999
_c
2208
_d
2208